000 00889nam a22002177a 4500
003 BUBTL
008 201001b xxu||||| |||| 00| 0 eng d
020 _a9789840760152
082 _a954.925/ R1293a/ 2020
100 _92153
_a রহমান, শেখ মুজিবুর
245 _aআমার দেখা নয়া চীন /
_cশেখ মুজিবুর রহমান
260 _aঢাকা :
_bবাংলা একাডেমি,
_cc2020.
300 _a199 p. :
_bill. ;
_c24 cm.
500 _aIncludes Index
505 _aআমার দেখা নয়া চীন, শেখ মুজিবুর রহমান, বঙ্গবন্ধু, Bangabandhu
650 0 _93574
_aবঙ্গবন্ধু
650 0 _94372
_aBangabandhu
856 _k0
_l0
_yDownload
942 _2ddc
_cBK
999 _c6388
_d6388